American Idol Finalists Quiz Stats

 Plays Quiz Updated Oct 29, 2019

Support Sporcle.
Go Orange.
Score 0/178 Timer 15:00
1 Play Today
Season Contestant % Correct
Season 1Kelly Clarkson
90.6%
Season 4Carrie Underwood
83.8%
Season 2Ruben Studdard
78.8%
Season 8Adam Lambert
78%
Season 7David Cook
76.3%
Season 2Clay Aiken
75.9%
Season 3Fantasia
74.6%
Season 7David Archuleta
74.4%
Season 5Chris Daughtry
72.5%
Season 8Kris Allen
72.5%
Season 5Taylor Hicks
69.9%
Season 1Justin Guarini
67.2%
Season 12Burnell Taylor
66.1%
Season 6Jordin Sparks
66%
Season 11Phillip Phillips
65.7%
Season 7David Hernandez
64.1%
Season 11Jessica Sanchez
62.3%
Season 4Bo Bice
62.3%
Season 13Jessica Meuse
62.2%
Season 10Scotty McCreery
60.9%
Season 13Caleb Johnson
60.8%
Season 6Chris Richardson
59.6%
Season 14Clark Beckham
59.3%
Season 6Chris Sligh
59.3%
Season 10Lauren Alaina
58.7%
Season 12Candice Glover
57.9%
Season 5Katharine McPhee
56.6%
Season 15Lee Jean
55.7%
Season 10Haley Reinhart
51.3%
Season 12Kree Harrison
50.6%
Season 3John Stevens
49.8%
Season 3Jennifer Hudson
49.5%
Season 2Corey Clark
49.3%
Season 13Alex Preston
48.8%
Season 12Angie Miller
48.5%
Season 10James Durbin
48.3%
Season 14Nick Fradiani
48.2%
Season 7Michael Johns
47.1%
Season 6Blake Lewis
47%
Season 11Joshua Ledet
46.1%
Season 12Paul Jolley
45.7%
Season 11Jermaine Jones
45.2%
Season 10Casey Abrams
44.9%
Season 3Diana Degarmo
44.4%
Season 10Pia Toscano
43.9%
Season 8Michael Sarver
43.3%
Season 10Ashthon Jones
42.6%
Season 8Danny Gokey
41.9%
Season 15Trent Harmon
41.6%
Season 13Sam Woolf
41.5%
Season 11Heejun Han
41.4%
Season 7Kristy Lee Cook
41.3%
Season 10Paul McDonald
41%
Season 12Amber Holcomb
40.7%
Season 11Colton Dixon
40.6%
Season 5Kellie Pickler
40%
Season 8Allison Iraheta
39.7%
Season 10Jacob Lusk
38.8%
Season 13Jena Irene
38.8%
Season 11Skylar Laine
38.2%
Season Contestant % Correct
Season 11Elise Testone
38.1%
Season 14Tyanna Jones
37.7%
Season 13Ben Briley
37.4%
Season 11Hollie Cavanagh
37.3%
Season 15La'Porsha Renae
37.1%
Season 14Jax
36.4%
Season 8Matt Giraud
36%
Season 7Jason Castro
35.8%
Season 13C.J. Harris
35.7%
Season 12Lazaro Arbos
35.5%
Season 3Matt Rogers
35.4%
Season 7Brooke White
34.3%
Season 12Janelle Arthur
34.1%
Season 2Kimberley Locke
33.4%
Season 14Daniel Seavey
33.3%
Season 4Constantine Maroulis
33.2%
Season 5Elliott Yamin
33.1%
Season 12Devin Velez
33%
Season 10Stefano Langone
32.9%
Season 14Joey Cook
32.7%
Season 11DeAndre Brackensick
32.7%
Season 11Erika Van Pelt
32.7%
Season 2Kimberly Caldwell
32.4%
Season 4Scott Savol
32.1%
Season 13Dexter Roberts
31.9%
Season 11Jeremy Rosado
31.8%
Season 13Emily Piriz
31.6%
Season 8Scott MacIntyre
31.6%
Season 6Sanjaya Malakar
31.4%
Season 4Nikko Smith
31.1%
Season 10Thia Megia
30.9%
Season 10Naima Adedapo
30.8%
Season 10Karen Rodriguez
30.5%
Season 3Jon Peter Lewis
30.4%
Season 2Rickey Smith
30.2%
Season 15Olivia Rox
29.9%
Season 8Megan Joy
29.7%
Season 11Shannon Magrane
29.6%
Season 6Melinda Doolittle
29.5%
Season 13Majesty Rose
29.4%
Season 4Jessica Sierra
29.3%
Season 12Curtis Finch
28.8%
Season 2Josh Gracin
28.4%
Season 5Ace Young
28.3%
Season 13MK Nobilette
28.2%
Season 3Jasmine Trias
27.9%
Season 6LaKisha Jones
27.2%
Season 13Malaya Watson
27.2%
Season 13Kristen O'Connor
27.1%
Season 7Carly Smithson
27%
Season 1Ryan Starr
26.9%
Season 8Jasmine Murray
26.7%
Season 6Phil Stacey
26.5%
Season 1Tamyra Gray
25.9%
Season 3George Huff
25.6%
Season 3LaToya London
25.6%
Season 9Aaron Kelly
25%
Season 1Nikki McKibbin
24.6%
Season 15Dalton Rapattoni
24.5%
Season 8Anoop Desai
24.4%
Season Contestant % Correct
Season 14Quentin Alexander
24.1%
Season 5Kevin Covais
23.9%
Season 5Bucky Covington
23.5%
Season 8Lil Rounds
23.5%
Season 7Amanda Overmyer
23.4%
Season 15Gianna Isabella
23.4%
Season 15MacKenzie Bourg
23.1%
Season 5Mandisa
22.8%
Season 1Christina Christian
22.7%
Season 1Jim Verraros
22.5%
Season 5Paris Bennett
22.5%
Season 15Avalon Young
22.1%
Season 4Anthony Fedorov
22.1%
Season 7Syesha Mercado
21.7%
Season 8Alexis Grace
21.6%
Season 3Amy Adams
21.1%
Season 5Lisa Tucker
21%
Season 14Maddie Walker
20.7%
Season 5Melissa McGhee
20.7%
Season 4Vonzell Solomon
19.8%
Season 6Haley Scarnato
19.5%
Season 9Lee Dewyze
19.5%
Season 1A.J. Gil
18.8%
Season 14Rayvon Owen
18.7%
Season 9Crystal Bowersox
18.4%
Season 15Sonika Vaid
17.5%
Season 1R.J. Helton
17%
Season 6Stephanie Edwards
16.9%
Season 15Tristan McIntosh
16.8%
Season 2Carmen Rasmusen
16.7%
Season 2Julia DeMato
16.7%
Season 8Jorge Nunez
16.6%
Season 6Gina Glocksen
16.5%
Season 6Brandon Rogers
16.4%
Season 1EJay Day
16.4%
Season 4Lindsey Cardinale
16.3%
Season 7Chikezie
16.3%
Season 9Casey James
15.9%
Season 4Anwar Robinson
15.7%
Season 2Trenyce
15.7%
Season 2Charles Grigsby
15.5%
Season 4Nadia Turner
15.3%
Season 14Qaasim Middleton
15.2%
Season 4Mikalah Gordon
15.1%
Season 7Ramiele Malubay
14.9%
Season 3Leah LaBelle
14.7%
Season 2Vanessa Olivarez
14.5%
Season 14Sarina-Joi Crowe
14.1%
Season 3Camile Velasco
13.8%
Season 14Adanna Duru
13.3%
Season 9Michael Lynche
12.5%
Season 9Katie Stevens
11.8%
Season 9Siobhan Magnus
11.7%
Season 9Tim Urban
11.2%
Season 9Andrew Garcia
10.7%
Season 9Lacey Brown
9.8%
Season 9Didi Benami
9.6%
Season 9Paige Miles
8.6%

From the Vault

Any Final Four Team by Year (Men's)

by El_Dandy

Sports 4m
There are 6 teams that will get you most of the answers.
Remove Ads.
Support Sporcle.
Get the best of Sporcle when you Go Orange. This ad-free experience offers more features, more stats, and more fun while also helping to support Sporcle. Thank you for becoming a member.

Show Comments

Extras

Top Quizzes Today


Score Distribution

Your Account Isn't Verified!

In order to create a playlist on Sporcle, you need to verify the email address you used during registration. Go to your Sporcle Settings to finish the process.

Report this User

Report this user for behavior that violates our Community Guidelines.

Details: